Panamá: autodeterminación versus intervención de Estados Unidos /

保存先:
書誌詳細
第一著者: Selser, Gregorio
団体著者: Centro de Investigación y Docencia Económicas. Programa de Estudios Centroamericanos
その他の著者: Vuskovic Céspedes, Pedro Prieto, Diego Fazio, Carlos
フォーマット: テキスト
出版事項: México D.F.: CIDE
タグ: タグ追加
タグなし, このレコードへの初めてのタグを付けませんか!

MARC

LEADER 00000 a a2200000 04500
001 24255
003
040
090 |a 166200  
100 |a Selser, Gregorio  
110 |a Centro de Investigación y Docencia Económicas. Programa de Estudios Centroamericanos  
245 |a Panamá: autodeterminación versus intervención de Estados Unidos /  |c Gregorio Selser 
260 |a México D.F.:   |b CIDE  
300 |a 148 p.  
700 |a Vuskovic Céspedes, Pedro   |a Prieto, Diego   |a Fazio, Carlos  
999 |c 13730  |d 13730